• 首页
  • 本馆介绍
  • 公告通知
  • 最新文献
  • 馆藏检索
  • 电子资源
  • 读者导购
  • 参考咨询
  • 我的图书馆
  • 登录
  • 详细信息显示
  • 放入我的书架
  • 预约/预借图书
  • 作者相关作品
  • 分类相关作品
  • 丛书相关作品
  • 出版社相关作品

书目信息

  • 表格格式
  • 工作单格式
  • 卡片格式
题名:
楼运
    
 
作者: 徐从桉 著
分册:  
出版信息: 长春   吉林大学出版社  2008
页数: 188页
开本: 24cm
丛书名:
单 册:
中图分类: F279.1 , TU243.2
科图分类:
主题词: 企业--选址--经验--世界 , 企业--行政建筑--建筑设计--世界 , 企业 , 选址 , 行政建筑 , 建筑设计
电子资源:
ISBN: 978-7-5601-3826-8
000 01102nam0 2200313 45
001 1029965468
005 20100428145358.01
010    @a978-7-5601-3826-8@dCNY38.00
100    @a20100420d2008 em y0chiy50 ea
101 0  @achi
102    @aCN@b220000
105    @aab z 000yy
106    @ar
200 1  @a楼运@ALou Yun@e世界五百强选址与布局揭密@EShi Jie Wu Bai Qiang Xuan Zhi Yu Bu Ju Jie Mi@f徐从桉著@FXu Cong An Zhu
210    @a长春@c吉林大学出版社@d2008
215    @a188页@c照片,图,地图@d24cm
330    @a本书讲解了世界500强企业的建筑选址规划和设计方面的经验。书中列举了微观、通用等大公司的设计实例,并配有大量实拍图片,对国内企业办公楼的选址设计有良好的借鉴作用。
517 1  @a世界五百强选址与布局揭密@AShi Jie Wu Bai Qiang Xuan Zhi Yu Bu Ju Jie Mi
606 0  @a企业@x选址@x经验@y世界
606 0  @a企业@x行政建筑@x建筑设计@y世界
606 0  @a企业
606 0  @a选址
606 0  @a行政建筑
606 0  @a建筑设计
690    @aF279.1@v4
690    @aTU243.2@v4
701  0 @a徐从桉@AXu Cong An@4著
801  0 @aCN@bTANGWEI@c20100428
905    @b0594980-84@dF279.1@e902@f5
    
    楼运:世界五百强选址与布局揭密/徐从桉著.-长春:吉林大学出版社,2008
    188页:照片,图,地图;24cm
    
    
    ISBN 978-7-5601-3826-8:CNY38.00
    本书讲解了世界500强企业的建筑选址规划和设计方面的经验。书中列举了微观、通用等大公司的设计实例,并配有大量实拍图片,对国内企业办公楼的选址设计有良好的借鉴作用。
●
相关链接 在E读中查询图书 在五车中查询图书 在当当中查询图书 在豆瓣中查询图书


正题名:楼运     索取号:F279.1/902         预约/预借

序号 登录号 条形码 馆藏地/架位号 状态 备注
1 0594980   205949802   第一样本阅览室/ [索取号:F279.1/902] 在馆    
2 0594981   205949811   第一借阅区/ [索取号:F279.1/902] 在馆    
3 0594982   205949820   第一借阅区/ [索取号:F279.1/902] 在馆    
4 0594983   205949839   第一借阅区/ [索取号:F279.1/902] 在馆    
5 0594984   205949848   第一借阅区/ [索取号:F279.1/902] 在馆    
唐山师范学院图书馆 欢迎您!
大连网信软件有限公司© 版权所有